[Event "Bergisch Gladbach-ch 24th"]
[Site "Bergisch Gladbach"]
[Date "2002.09.13"]
[Round "3"]
[White "Nowok, Alois"]
[Black "Schulz, Dieter"]
[Result "0-1"]
[WhiteElo "1474"]
[BlackElo "1670"]
[PlyCount "58"]
[EventDate "2002.08.??"]
[EventType "swiss"]
[EventRounds "7"]
[EventCountry "GER"]
[SourceTitle "EXT 2005"]
[Source "ChessBase"]
[SourceDate "2004.11.15"]
[SourceVersion "1"]
[SourceVersionDate "2004.11.15"]
[SourceQuality "1"]

1. d4 Nf6 2. Nc3 c5 3. dxc5 Nc6 4. Na4 g6 5. b3 Bg7 6. Bb2 0-0 7. e3 Qc7 8. Bd3 e5 9. Ne2 Rd8 10. Ng3 d5 11. Qe2 h5 12. h4 Bg4 13. Qf1 Rac8 14. Be2 Bxe2 15. Qxe2 Ng4 16. 0-0-0 b5 17. Nc3 e4 18. Nxb5 Bxb2+ 19. Kxb2 Qe5+ 20. c3 Nb4 21. Nd4 Nd3+ 22. Rxd3 exd3 23. Qd2 Rxc5 24. Rc1 Rb8 25. Nf1 Qf6 26. f3 Ne5 27. f4 Nc4+ 28. Ka1 Nxd2 29. Nxd2 Qxh4 0-1

[Event "Bergisch Gladbach-ch op"]
[Site "Bergisch Gladbach"]
[Date "2001.08.24"]
[Round "2"]
[White "Nowok, Alois"]
[Black "Gnass, Arno"]
[Result "0-1"]
[WhiteElo "1529"]
[BlackElo "1699"]
[PlyCount "57"]
[EventDate "2001.08.17"]
[EventType "swiss"]
[EventRounds "7"]
[EventCountry "GER"]
[SourceTitle "EXT 2006"]
[Source "ChessBase"]
[SourceDate "2005.11.24"]
[SourceVersion "1"]
[SourceVersionDate "2005.11.24"]
[SourceQuality "1"]

1. e4 e5 2. Bc4 Nf6 3. Nf3 Bd6 4. d3 h6 5. Be3 0-0 6. h4 Nc6 7. a3 b6 8. Ng5 Be7 9. Nd2 d6 10. Qe2 Bg4 11. f3 Bd7 12. g4 Qc8 13. 0-0-0 Rb8 14. Nh3 b5 15. Ba2 b4 16. a4 Nd4 17. Bxd4 exd4 18. g5 Bxh3 19. gxh6 g6 20. Rdg1 Be6 21. b3 Nh5 22. Qh2 Bf6 23. f4 Kh7 24. e5 Be7 25. Nf3 Bd5 26. Nxd4 dxe5 27. fxe5 Bxh1 28. Qxh1 Bc5 29. Rg4 0-1

[Event "Bergisch Gladbach-ch"]
[Site "Bergisch Gladbach"]
[Date "1996.09.27"]
[Round "6"]
[White "Fey, Helmut"]
[Black "Nowok, Alois"]
[Result "0-1"]
[WhiteElo "1525"]
[BlackElo "1449"]
[PlyCount "80"]
[EventDate "1996.08.??"]
[EventType "swiss"]
[EventRounds "7"]
[EventCountry "GER"]
[SourceTitle "EXT 2005"]
[Source "ChessBase"]
[SourceDate "2004.11.15"]
[SourceVersion "1"]
[SourceVersionDate "2004.11.15"]
[SourceQuality "1"]

1. e4 e5 2. Nf3 Nc6 3. Bb5 Nd4 4. Nxd4 exd4 5. 0-0 Qg5 6. Bc4 Bd6 7. Qf3 Nf6 8. d3 Qe5 9. g3 0-0 10. Bf4 Qc5 11. Bxd6 Qxd6 12. c3 c6 13. cxd4 b5 14. Bb3 Qxd4 15. Qe2 Bb7 16. Na3 Rae8 17. Rab1 d5 18. Nc2 Qb6 19. e5 Nd7 20. d4 c5 21. Ne3 cxd4 22. Nxd5 Bxd5 23. Bxd5 Rxe5 24. Qf3 Nf6 25. Bb3 g6 26. Qd3 Ng4 27. Rbd1 Rd8 28. Qf3 Nh6 29. Qf4 Qd6 30. Qxh6 Qf6 31. Qd2 d3 32. Qc3 Qf5 33. Qc7 Rd7 34. Qc8+ Kg7 35. Qc3 f6 36. Qc6 Qh3 37. Qc8 Rh5 38. Qg8+ Kh6 39. Qf8+ Rg7 40. Rfe1 Qxh2+ 0-1

[Event "Bergisch Gladbach-ch"]
[Site "Bergisch Gladbach"]
[Date "1996.09.13"]
[Round "4"]
[White "Wirtz, Marc Sascha"]
[Black "Nowok, Alois"]
[Result "1-0"]
[WhiteElo "1525"]
[BlackElo "1449"]
[PlyCount "65"]
[EventDate "1996.08.??"]
[EventType "swiss"]
[EventRounds "7"]
[EventCountry "GER"]
[SourceTitle "EXT 2005"]
[Source "ChessBase"]
[SourceDate "2004.11.15"]
[SourceVersion "1"]
[SourceVersionDate "2004.11.15"]
[SourceQuality "1"]

1. d4 d5 2. c4 dxc4 3. e4 c6 4. Bxc4 e6 5. Bf4 Bb4+ 6. Nc3 Qf6 7. Nge2 b5 8. Bd3 Bb7 9. 0-0 Nd7 10. Rc1 e5 11. Be3 Rd8 12. Qb3 Ba5 13. d5 a6 14. a4 b4 15. Na2 c5 16. Bxc5 Nxc5 17. Rxc5 Bb6 18. Rcc1 a5 19. Nxb4 axb4 20. Qxb4 Ne7 21. a5 Nxd5 22. exd5 Qe7 23. Qxb6 0-0 24. Rc7 Rd7 25. d6 Qxd6 26. Qxd6 Rxd6 27. Bxh7+ Kxh7 28. Rxb7 Rd2 29. Nc3 Rc2 30. Ne4 Ra8 31. b4 Ra6 32. Ng5+ Kg6 33. Nxf7 1-0

[Event "Bergisch Gladbach-ch"]
[Site "Bergisch Gladbach"]
[Date "1996.09.06"]
[Round "3"]
[White "Nowok, Alois"]
[Black "Multhauf, Stefan"]
[Result "1-0"]
[WhiteElo "1449"]
[BlackElo "1587"]
[PlyCount "63"]
[EventDate "1996.08.??"]
[EventType "swiss"]
[EventRounds "7"]
[EventCountry "GER"]
[SourceTitle "EXT 2005"]
[Source "ChessBase"]
[SourceDate "2004.11.15"]
[SourceVersion "1"]
[SourceVersionDate "2004.11.15"]
[SourceQuality "1"]

1. d4 e6 2. e4 d5 3. exd5 exd5 4. a3 Bd6 5. Qf3 Nf6 6. Bg5 Be7 7. Nc3 c6 8. h3 0-0 9. Bd3 Re8 10. Nge2 Be6 11. 0-0 Nbd7 12. Nf4 Bd6 13. Nce2 h6 14. Nxe6 fxe6 15. Bh4 e5 16. Bg6 Rf8 17. Qf5 Qc7 18. Bg3 Rad8 19. Rae1 Ne4 20. Qe6+ Kh8 21. Bxe4 dxe4 22. Nc3 Rde8 23. Qg6 Nf6 24. Nxe4 Nxe4 25. Rxe4 Qb8 26. dxe5 Bxe5 27. Bxe5 Rxe5 28. Rfe1 Rxe4 29. Rxe4 Rd8 30. g3 Qd6 31. Re8+ Rxe8 32. Qxd6 1-0

[Event "Bergisch Gladbach-ch"]
[Site "Bergisch Gladbach"]
[Date "1996.08.23"]
[Round "1"]
[White "Nowok, Alois"]
[Black "Kals, Leo"]
[Result "0-1"]
[WhiteElo "1449"]
[BlackElo "1841"]
[PlyCount "64"]
[EventDate "1996.08.??"]
[EventType "swiss"]
[EventRounds "7"]
[EventCountry "GER"]
[SourceTitle "EXT 2005"]
[Source "ChessBase"]
[SourceDate "2004.11.15"]
[SourceVersion "1"]
[SourceVersionDate "2004.11.15"]
[SourceQuality "1"]

1. e4 Nf6 2. Nc3 d5 3. exd5 Nxd5 4. Nxd5 Qxd5 5. c3 Nc6 6. h3 e5 7. Ne2 Bc5 8. b4 Bb6 9. a4 a6 10. a5 Ba7 11. Bb2 Bf5 12. Ng3 Bg6 13. Ra3 Rd8 14. c4 Qe6 15. Qb3 Qd6 16. d3 Qxb4+ 17. Qxb4 Nxb4 18. Bxe5 Nc2+ 19. Kd2 Nxa3 20. Kc3 0-0 21. Bxc7 Rd7 22. Bb6 Bxb6 23. axb6 Rfd8 24. Kb2 Nxc4+ 25. dxc4 Rd2+ 26. Kc3 Rc2+ 27. Kb4 Rb2+ 28. Kc5 Rc8+ 29. Kd6 Rxb6+ 30. Kd7 Rbc6 31. f3 Kf8 32. Be2 f6 0-1